000 00529nam a2200217Ia 4500
003 OSt
005 20220924133417.0
006 a|||||r|||| 00| 0
007 ta
008 220923b |||||||| |||| 00| 0 snd d
024 _a265180
037 _cTextual
040 _aARTS
_cARTS
_bsnd
041 _2snd
_asnd
082 _aO1593:3N21:23, K5
100 _aMalhi
_9206375
245 0 _aHik insan so tufan
260 _c1965
942 _hO1593:3N21:23, K5
_cTEXL
_2CC
999 _c433722
_d433722